Library Banner

The good garden : (Record no. 114524)

MARC details
000 -LEADER
fixed length control field 01100cam a22002417i 4500
001 - CONTROL NUMBER
control field 18344973
005 - DATE AND TIME OF LATEST TRANSACTION
control field 20191107112229.0
008 - FIXED-LENGTH DATA ELEMENTS--GENERAL INFORMATION
fixed length control field 141023s2015 nyua 000 0 eng d
020 ## - INTERNATIONAL STANDARD BOOK NUMBER
International Standard Book Number 9781580934152 (hbk)
020 ## - INTERNATIONAL STANDARD BOOK NUMBER
International Standard Book Number 1580934153 (hbk)
040 ## - CATALOGING SOURCE
Transcribing agency PK-LaUMT
082 04 - DEWEY DECIMAL CLASSIFICATION NUMBER
Classification number 712
Item number RAV-G
100 1# - MAIN ENTRY--PERSONAL NAME
Personal name Raver, Anne
245 14 - TITLE STATEMENT
Title The good garden :
Remainder of title the landscape architecture of Edmund Hollander Design /
Statement of responsibility, etc written with Anne Raver ; principal photography by Charles Mayer
260 ## - PUBLICATION, DISTRIBUTION, ETC. (IMPRINT)
Place of publication, distribution, etc New York :
Name of publisher, distributor, etc The Monacelli Press,
Date of publication, distribution, etc 2015
300 ## - PHYSICAL DESCRIPTION
Extent 302 p. :
Other physical details color illustrations ;
Dimensions 25 x 31 cm
520 8# - SUMMARY, ETC.
Summary, etc Edmund Hollander, one of New York's most eminent landscape designers, best know for his work in the Hamptons, reveals how plant scan add sensuality, texture, structure, and color to any garden. In this book Hollander provides an insider's glimpse into how his firm creates landscapes that are evocative, memorable, and layered.
650 #0 - SUBJECT ADDED ENTRY--TOPICAL TERM
Topical term or geographic name as entry element Landscape gardening
Geographic subdivision United States
650 #0 - SUBJECT ADDED ENTRY--TOPICAL TERM
Topical term or geographic name as entry element Gardens, American
650 #0 - SUBJECT ADDED ENTRY--TOPICAL TERM
Topical term or geographic name as entry element Landscape architecture
700 1# - ADDED ENTRY--PERSONAL NAME
Personal name Mayer, Charles,
942 ## - ADDED ENTRY ELEMENTS (KOHA)
Koha item type Books
Holdings
Withdrawn status Lost status Damaged status Home library Current library Date acquired Full call number Barcode Date last seen Price effective from Koha item type
      UMT Main Campus UMT Main Campus 2019-11-07 712 RAV-G 131847 2019-11-07 2019-11-07 Books